000 00431nam a2200181Ia 4500
001 25090
005 20260414151126.0
008 260414t2023||||xx |||||||||||||| ||spa||
041 _aESP
082 _a346.2
_bC34 T. 2
100 _aCastillo Freyre, Mario,
_eAUT
245 0 _aDerecho de familia
_b
260 _c2023
300 _apáginas 615-1342 :
_c25 cm.
650 _aDER
654 _aCDE
942 _cLIB
_dJUS
_fJUS
_2ddc
_n
999 _c25090
_d25090